000 00478nam a2200169 4500
001 2587
005 20181127165324.0
020 0 0 _a0811213668
090 0 0 _a833.914 S4431e 1996
100 0 0 _aSebald, W. G.
245 0 0 _aThe emigrants /
_b
_cW. G. Sebald.
_h
260 0 0 _aFrankfurt :
_bHarvill Press,
_c1996.
300 0 0 _a237 p.
650 _aHolocaust, Jewish (1939-1945) --Fiction.
_v
_x
_y
_z
_2
650 _aWorld War, 1939-1945 --Fiction.
_v
_x
_y
_z
_2
650 0 0 _aExiles --Fiction.
_x
999 _c2053
_d2053